<?xml version="1.0" encoding="UTF-8"?>
<record
    xmlns:xsi="http://www.w3.org/2001/XMLSchema-instance"
    xsi:schemaLocation="http://www.loc.gov/MARC21/slim http://www.loc.gov/standards/marcxml/schema/MARC21slim.xsd"
    xmlns="http://www.loc.gov/MARC21/slim">

  <leader>01147nam a2200241 a 4500</leader>
  <controlfield tag="001">85654</controlfield>
  <controlfield tag="003">BD-RjUL</controlfield>
  <controlfield tag="005">20250907130343.0</controlfield>
  <controlfield tag="008">250907s2025    bg ||||| |||| 00| 0 bg  d</controlfield>
  <datafield tag="020" ind1=" " ind2=" ">
    <subfield code="a">97898454000077 :</subfield>
    <subfield code="c">Tk.200.00</subfield>
  </datafield>
  <datafield tag="035" ind1=" " ind2=" ">
    <subfield code="a">(BD-RjUL)85654</subfield>
  </datafield>
  <datafield tag="040" ind1=" " ind2=" ">
    <subfield code="a">BD-RjUL</subfield>
    <subfield code="b">eng</subfield>
    <subfield code="c">BD-RjUL</subfield>
  </datafield>
  <datafield tag="041" ind1=" " ind2=" ">
    <subfield code="a">ben</subfield>
  </datafield>
  <datafield tag="082" ind1=" " ind2=" ">
    <subfield code="2">23</subfield>
    <subfield code="a">954.031</subfield>
    <subfield code="b">SIA 2025</subfield>
  </datafield>
  <datafield tag="100" ind1=" " ind2=" ">
    <subfield code="a">&#x9B8;&#x9BF;&#x9A6;&#x9CD;&#x9A6;&#x9BF;&#x995;&#x9C0;, &#x9AE;&#x9BE;&#x9B9;&#x9AC;&#x9C1;&#x9AC;  </subfield>
    <subfield code="9">11722</subfield>
  </datafield>
  <datafield tag="245" ind1=" " ind2=" ">
    <subfield code="a">&#x986;&#x9A0;&#x9BE;&#x9B0;&#x9CB; &#x9B6;&#x9A4;&#x995;&#x9C7;&#x9B0; &#x9AC;&#x9CD;&#x9B0;&#x9BF;&#x99F;&#x9BF;&#x9B6; &#x9AC;&#x9BE;&#x982;&#x9B2;&#x9BE; &#x995;&#x9CB;&#x9AE;&#x9CD;&#x9AA;&#x9BE;&#x9A8;&#x9BF;&#x9B0; &#x997;&#x9B0;&#x9CD;&#x9AD;&#x9A8;&#x9B0; &#x993; &#x997;&#x9B0;&#x9CD;&#x9AD;&#x9A8;&#x9B0;-&#x99C;&#x9C7;&#x9A8;&#x9BE;&#x9B0;&#x9C7;&#x9B2;&#x9A6;&#x9C7;&#x9B0; &#x9B6;&#x9BE;&#x9B8;&#x9A8;  /</subfield>
    <subfield code="c">&#x9AE;&#x9BE;&#x9B9;&#x9AC;&#x9C1;&#x9AC; &#x9B8;&#x9BF;&#x9A6;&#x9CD;&#x9A6;&#x9BF;&#x995;&#x9C0; </subfield>
  </datafield>
  <datafield tag="300" ind1=" " ind2=" ">
    <subfield code="a">&#x9EE;&#x9E6; &#x9AA;&#x9C3;.:</subfield>
    <subfield code="b">&#x99A;&#x9BF;&#x9A4;&#x9CD;&#x9B0;&#x9B8;&#x9AE;&#x9C2;&#x9B9;;</subfield>
    <subfield code="c">&#x9E8;&#x9E8; &#x9B8;&#x9C7;&#x9AE;&#x9BF;.</subfield>
  </datafield>
  <datafield tag="650" ind1=" " ind2=" ">
    <subfield code="a">&#x9AC;&#x9CD;&#x9B0;&#x9BF;&#x99F;&#x9BF;&#x9B6; &#x987;&#x9B8;&#x9CD;&#x99F; &#x987;&#x9A8;&#x9CD;&#x9A1;&#x9BF;&#x9AF;&#x9BC;&#x9BE; &#x995;&#x9CB;&#x9AE;&#x9CD;&#x9AA;&#x9BE;&#x9A8;&#x9BF;&#x9B0; &#x9B6;&#x9BE;&#x9B8;&#x9A8;&#x9AC;&#x9CD;&#x9AF;&#x9AC;&#x9B8;&#x9CD;&#x9A5;&#x9BE; </subfield>
    <subfield code="y">(&#x9E7;&#x9EE;&#x9B6; &#x9B6;&#x9A4;&#x995;)</subfield>
    <subfield code="9">16797</subfield>
  </datafield>
  <datafield tag="650" ind1=" " ind2=" ">
    <subfield code="a">British East India Company rule </subfield>
    <subfield code="y">(18th century)</subfield>
    <subfield code="9">16798</subfield>
  </datafield>
  <datafield tag="651" ind1=" " ind2=" ">
    <subfield code="a">&#x9AD;&#x9BE;&#x9B0;&#x9A4;</subfield>
    <subfield code="x">&#x987;&#x9A4;&#x9BF;&#x9B9;&#x9BE;&#x9B8;</subfield>
    <subfield code="y">(&#x9E7;&#x9EE;&#x9B6; &#x9B6;&#x9A4;&#x995;)</subfield>
    <subfield code="9">16799</subfield>
  </datafield>
  <datafield tag="651" ind1=" " ind2=" ">
    <subfield code="a">India</subfield>
    <subfield code="x">History</subfield>
    <subfield code="y">18th century</subfield>
    <subfield code="9">9148</subfield>
  </datafield>
  <datafield tag="942" ind1=" " ind2=" ">
    <subfield code="2">ddc</subfield>
    <subfield code="c">BK</subfield>
  </datafield>
  <datafield tag="999" ind1=" " ind2=" ">
    <subfield code="c">85654</subfield>
    <subfield code="d">85654</subfield>
  </datafield>
  <datafield tag="952" ind1=" " ind2=" ">
    <subfield code="0">0</subfield>
    <subfield code="1">0</subfield>
    <subfield code="2">ddc</subfield>
    <subfield code="4">0</subfield>
    <subfield code="7">1</subfield>
    <subfield code="8">NFIC</subfield>
    <subfield code="a">RUCL</subfield>
    <subfield code="b">RUCL</subfield>
    <subfield code="c">Reading</subfield>
    <subfield code="d">2025-09-07</subfield>
    <subfield code="e">Haritage Rajsahi</subfield>
    <subfield code="g">150.00</subfield>
    <subfield code="l">0</subfield>
    <subfield code="o">B 954.031 SIA 2025</subfield>
    <subfield code="r">2025-09-07 00:00:00</subfield>
    <subfield code="t">C-1</subfield>
    <subfield code="w">2025-09-07</subfield>
    <subfield code="y">BK</subfield>
  </datafield>
  <datafield tag="952" ind1=" " ind2=" ">
    <subfield code="0">0</subfield>
    <subfield code="1">0</subfield>
    <subfield code="2">ddc</subfield>
    <subfield code="4">0</subfield>
    <subfield code="7">0</subfield>
    <subfield code="8">NFIC</subfield>
    <subfield code="a">RUCL</subfield>
    <subfield code="b">RUCL</subfield>
    <subfield code="c">GEN</subfield>
    <subfield code="d">2025-09-07</subfield>
    <subfield code="e">Haritage Rajsahi</subfield>
    <subfield code="g">150.00</subfield>
    <subfield code="o">B 954.031 SIA 2025</subfield>
    <subfield code="r">2025-09-07 00:00:00</subfield>
    <subfield code="t">C-2</subfield>
    <subfield code="y">BK</subfield>
  </datafield>
  <datafield tag="952" ind1=" " ind2=" ">
    <subfield code="0">0</subfield>
    <subfield code="1">0</subfield>
    <subfield code="2">ddc</subfield>
    <subfield code="4">0</subfield>
    <subfield code="7">0</subfield>
    <subfield code="8">NFIC</subfield>
    <subfield code="a">RUCL</subfield>
    <subfield code="b">RUCL</subfield>
    <subfield code="c">GEN</subfield>
    <subfield code="d">2025-09-07</subfield>
    <subfield code="e">Haritage Rajsahi</subfield>
    <subfield code="g">150.00</subfield>
    <subfield code="o">B 954.031 SIA 2025</subfield>
    <subfield code="r">2025-09-07 00:00:00</subfield>
    <subfield code="t">C-3</subfield>
    <subfield code="y">BK</subfield>
  </datafield>
</record>
